Verschiedene KFZ-Kennzeichen kreisfreier deutscher Städte - Statistiken

Allgemein
  • Dieses Quiz wurde 278 mal gespielt
  • Das Durchschnittsergebnis liegt bei 13 aus 20
Antwortstatistiken
Hint Antwort % Korrekt
OF Offenbach am Main
92%
P Potsdam
88%
WI Wiesbaden
84%
EF Erfurt
80%
G Gera
79%
BS Braunschweig
76%
HER Herne
69%
FF Frankfurt(Oder)
68%
LU Ludwigshafen am Rhein
68%
KL Kaiserslautern
63%
RO Rosenheim
63%
WHV Wilhelmshaven
62%
MD Magdeburg
60%
NMS Neumünster
56%
HN Heilbronn
55%
HWI Wismar
51%
LA Landshut
49%
SN Schwerin
38%
WE Weimar
37%
KE Kempten(Allgäu)
36%
Keine übereinstimmenden Quizze gefunden
Verteilung der Resultate
Anzahl Personen mit jedem Resultat
Perzentil nach korrekt beantworteten Fragen
Ihre Resultats-Entwicklung
Sie haben dieses Quiz noch nicht gespielt